Emergencias en odontología (Registro nro. 5194)
[ vista simple ]
| 000 -CABECERA | |
|---|---|
| campo de control de longitud fija | 00688nam a22002531a 4500 |
| 003 - IDENTIFICADOR DEL NÚMERO DE CONTROL | |
| campo de control | AR-RoIUNI |
| 005 - FECHA Y HORA DE LA ÚLTIMA TRANSACCIÓN | |
| campo de control | 20241122062930.0 |
| 007 - CAMPO FIJO DE DESCRIPCIÓN FÍSICA--INFORMACIÓN GENERAL | |
| campo de control de longitud fija | ta |
| 008 - DATOS DE LONGITUD FIJA--INFORMACIÓN GENERAL | |
| campo de control de longitud fija | 050726s1971 ag a||||r|||||||1 0|spa |
| 015 ## - NÚMERO DE BIBLIOGRAFÍA NACIONAL | |
| Número de bibliografía nacional | AR-1971 |
| 040 ## - FUENTE DE LA CATALOGACIÓN | |
| Centro catalogador/agencia de origen | AR-BaBN |
| Centro/agencia transcriptor | AR-RoIUNI |
| 044 ## - CÓDIGO DEL PAÍS DE LA ENTIDAD EDITORA/PRODUCTORA | |
| Código MARC del país | ag |
| Código ISO del país | ar-c |
| 080 ## - NÚMERO DE LA CLASIFICACIÓN DECIMAL UNIVERSAL | |
| Número de la Clasificación Decimal Universal | 616 |
| 100 1# - ENTRADA PRINCIPAL--NOMBRE DE PERSONA | |
| Nombre de persona | Mccarthy, Frank M. |
| 245 10 - MENCIÓN DE TÍTULO | |
| Título | Emergencias en odontología |
| 260 ## - PUBLICACIÓN, DISTRIBUCIÓN, ETC. (PIE DE IMPRENTA) | |
| Lugar de publicación, distribución, etc. | Buenos Aires : |
| Nombre del editor, distribuidor, etc. | El Ateneo, |
| Fecha de publicación, distribución, etc. | 1971. |
| 300 ## - DESCRIPCIÓN FÍSICA | |
| Extensión | 372 p. |
| 650 #0 - PUNTO DE ACCESO ADICIONAL DE MATERIA--TÉRMINO DE MATERIA | |
| Término de materia o nombre geográfico como elemento inicial | Odontología |
| 9 (RLIN) | 546 |
| 930 #1 - EQUIVALENCIA O REFERENCIA CRUZADA-ENCABEZAMIENTO DE TÍTULO UNIFORME [LOCAL, CANADÁ] | |
| Lenguaje de la obra | BNA01 |
| Medio de interpretación para música | LIBRO |
| Enlace | 00286282 |
| Enlace entre campo y número de secuencia | 20110912 |
| Fecha de publicación/de la obra | 11 |
| Número de parte o sección de la obra | 000 |
| 930 #1 - EQUIVALENCIA O REFERENCIA CRUZADA-ENCABEZAMIENTO DE TÍTULO UNIFORME [LOCAL, CANADÁ] | |
| Lenguaje de la obra | BNA01 |
| Medio de interpretación para música | LIBRO |
| Enlace | 00177940 |
| Enlace entre campo y número de secuencia | 20110912 |
| Fecha de publicación/de la obra | 11 |
| Número de parte o sección de la obra | 001 |
| 942 ## - ELEMENTOS DE PUNTO DE ACCESO ADICIONAL (KOHA) | |
| Fuente del sistema de clasificación o colocación | Clasificación Decimal Universal |
| Tipo de ítem Koha | Libros |
| 956 ## - LOCALIZACIÓN Y ACCESO ELECTRÓNICOS LOCAL (OCLC) | |
| Nombre del host | GSL |
| Número de acceso | 00 |
| Información sobre la compresión | 20110916 |
| Proceso de conexión (Logon) | BNA01 |
| Procesador de la petición | 0059 |
| 956 ## - LOCALIZACIÓN Y ACCESO ELECTRÓNICOS LOCAL (OCLC) | |
| Nombre del host | GSL |
| Información sobre la compresión | 20130614 |
| Proceso de conexión (Logon) | BNA01 |
| Procesador de la petición | 2024 |
| Estado de retiro | Estado de pérdida | Fuente del sistema de clasificación o colocación | Estado dañado | Excepción de préstamo | Código de colección | Localización permanente | Ubicación/localización actual | Ubicación en estantería | Fecha de adquisición | Fuente de adquisición | Número de inventario | Total de préstamos | Signatura topográfica completa | Código de barras | Fecha visto por última vez | Precio válido a partir de | Tipo de ítem Koha |
|---|---|---|---|---|---|---|---|---|---|---|---|---|---|---|---|---|---|
| Clasificación Decimal Universal | Odontología | BIBLIOTECA RIOBAMBA | BIBLIOTECA RIOBAMBA | BIBLIOTECA RIOBAMBA | 07/04/2021 | Donación | 6837 | 616 MCC | 6837 | 07/04/2021 | 07/04/2021 | Libros |

